Логико-смысловые модели в эколого-ориентированном пространстве детства: комплекс игр и занятий по технологии В. Э. Штейнберга (Запись № 13680369)

Подробности
000 -МАРКЕР
контрольное поле 03519nam0a2200361 4500
001 - ИДЕНТИФИКАТОР ЗАПИСИ
контрольное поле RU\NLR\BIBL_A\022596197
005 - ИДЕНТИФИКАТОР ВЕРСИИ
контрольное поле 20260420051635.0
010 ## - МЕЖДУНАРОДНЫЙ СТАНДАРТНЫЙ НОМЕР КНИГИ (ISBN)
Номер (ISBN) 978-5-9613-0760-3
Тираж 50
021 ## - НОМЕР ГОСУДАРСТВЕННОЙ РЕГИСТРАЦИИ
Код страны Российская Федерация
Номер КН-П-25-033588
Номер Листа государственной регистраци КН-П-25-3320
035 ## - ДРУГИЕ СИСТЕМНЫЕ НОМЕРА
Идентификатор записи (NLR Aleph) 022596197
100 ## - ДАННЫЕ ОБЩЕЙ ОБРАБОТКИ
Данные общей обработки 20250805d2023 u y0rusy50 ca
101 0# - ЯЗЫК РЕСУРСА
Язык текста, звукозаписи и т.д. русский
102 ## - СТРАНА ПУБЛИКАЦИИ ИЛИ ПРОИЗВОДСТВА
Страна публикации Российская Федерация
105 ## - ПОЛЕ КОДИРОВАННЫХ ДАННЫХ: ТЕКСТОВЫЕ МАТЕРИАЛЫ, МОНОГРАФИЧЕСКИЕ
Кодированные данные о монографическом текстовом документе a|||j|||000yy
181 #0 - ПОЛЕ КОДИРОВАННЫХ ДАННЫХ: ВИД СОДЕРЖАНИЯ
Код вида содержания (ISBD) i3
Код характеристики содержания (ISBD) axxe
182 #0 - ПОЛЕ КОДИРОВАННЫХ ДАННЫХ: ТИП СРЕДСТВА
Код типа средства (ISBD) n - непосредственное
200 1# - ЗАГЛАВИЕ И СВЕДЕНИЯ ОБ ОТВЕТСТВЕННОСТИ
Основное заглавие Логико-смысловые модели в эколого-ориентированном пространстве детства: комплекс игр и занятий по технологии В. Э. Штейнберга
Сведения, относящиеся к заглавию учебно-методическое пособие
-- для воспитателей ДОО, студентов среднего профессионального и высшего образования по направлениям подготовки: "Педагогическое образование", "Психолого-педагогическое образование" по профилю "Дошкольное образование", Педагогическое образование (с двумя профилями подготовки)(профиль) Родной (башкирский) язык, литература и дошкольное образование [и др.]
Первые сведения об ответственности Шабаева Гузель Фагимовна, Тимербулатова Ольга Владимировна, Галимуллина Луиза Венеровна
Последующие сведения об ответственности Министерство просвещения Российской Федерации, Федеральное государственное бюджетное образовательное учреждение высшего образования "Башкирский государственный педагогический университет имени М. Акмуллы", Институт педагогики, Кафедра дошкольной педагогики и психологии, Министерство образования и науки Республики Башкортостан, МАДОУ ЦРР д/с № 15 "Сказка" г. Благовещенск РБ
203 ## - ВИД СОДЕРЖАНИЯ И ТИП СРЕДСТВА
Вид содержания Текст
Дополнительные сведения об издании визуальный
Тип средства непосредственный
210 ## - ПУБЛИКАЦИЯ, РАСПРОСТРАНЕНИЕ И ДР.
Место издания, распространения и т.д. Уфа
Имя издателя, распространителя и т. д. Мир печати
Место издания, распространения и т.д. Благовещенск
Имя издателя, распространителя и т. д. [б. и.]
Дата издания, распространения и т.д. 2023
215 ## - ФИЗИЧЕСКАЯ ХАРАКТЕРИСТИКА
Специфическое обозначение материала и объем 74 с.
Другие сведения о физической характеристике ил., табл.
Размеры 20
300 ## - ОБЩИЕ ПРИМЕЧАНИЯ
Текст примечания На обороте тит. с. 1-й и 2-й авт.: Шабаева Г. Ф., канд. пед. наук, доц., Тимербулатова О. В., воспитатель
606 1# - НАИМЕНОВАНИЕ ТЕМЫ КАК ПРЕДМЕТ
Наименование темы Дидактические игры в детском саду
Формальный подзаголовок Учебно-методические пособия
Системный номер авторитетной/нормативной записи 2446722
Идентификатор авторитетной/нормативной записи RU\NLR\AUTH\661455110
606 1# - НАИМЕНОВАНИЕ ТЕМЫ КАК ПРЕДМЕТ
Наименование темы Дошкольные учреждения
Формальный подзаголовок Учебно-методические пособия
Тематический подзаголовок Воспитательно-образовательная работа
-- Штейберга В. Э. технология
Системный номер авторитетной/нормативной записи 2679124
Идентификатор авторитетной/нормативной записи RU\NLR\AUTH\6601760553
686 1# - ИНДЕКСЫ ДРУГИХ КЛАССИФИКАЦИЙ
Индекс Ч411.375.4я7
686 1# - ИНДЕКСЫ ДРУГИХ КЛАССИФИКАЦИЙ
Индекс Ч411.38я7
700 #1 - ИМЯ ЛИЦА - ПЕРВИЧНАЯ ОТВЕТСТВЕННОСТЬ
Начальный элемент ввода Шабаева
Часть имени, кроме начального элемента ввода Г. Ф.
Расширение инициалов личного имени Гузель Фагимовна
701 #1 - ИМЯ ЛИЦА - АЛЬТЕРНАТИВНАЯ ОТВЕТСТВЕННОСТЬ
Начальный элемент ввода Тимербулатова
Часть имени, кроме начального элемента ввода О. В.
Расширение инициалов личного имени Ольга Владимировна
701 #1 - ИМЯ ЛИЦА - АЛЬТЕРНАТИВНАЯ ОТВЕТСТВЕННОСТЬ
Начальный элемент ввода Галимуллина
Часть имени, кроме начального элемента ввода Л. В.
Расширение инициалов личного имени Луиза Венеровна
942 ## - ДОПОЛНИТЕЛЬНЫЕ ЭЛЕМЕНТЫ ЗАПИСИ (АБИС)
Тип экземпляра АБИС Книга
980 ## - КОЛЛЕКЦИЯ
Название коллекции Национальная библиография

Нет доступных экземпляров.